00329nam a2200157Ia 4500008004100000041000800041100001100049245002800060250000900088260001900097300000800116365001200124500000900136520001200145650001400157230605s9999 xx 000 0 und d aeng akazami astrategic management (2 a4ed. bMc. Graw Hell  a676 b526h10 a2157 aGeneral aSTRATEGIC